000 00396nam a22001217a 4500
082 _aTHE 200
100 _aMAJ FAHIM BARLAS,
_972885
245 _aTH-SOF-0628-KINEMATIC ANALYSIS OF ACTIVE FLAPPING AND PITCHING MECHANISM FOR ORNITHOPTERS.PDF
260 _aNUST COLLEGE OF EME
_bISLAMABAD
_c2018
650 _aMS-MECH-56 MSTHESIS
_972767
700 _aDR MUHAMMAD.AFZAAL MALIK
_918651
942 _cCF
999 _c578856
_d578856